日本の典型地形における地形名 - Statistics

General Stats
  • This quiz has been taken 36 times
  • The average score is 11 of 194
Answer Stats
Answer % Correct
カルデラ
71%
三角州
65%
扇状地
58%
砂嘴
52%
リアス式海岸(溺れ谷)
48%
鍾乳洞(石灰洞)
45%
河岸段丘及び段丘崖
45%
トンボロ及び陸繋島
45%
カルスト台地
35%
カルデラ湖・火口原湖
32%
潟湖(ラグーン)
32%
砂丘・風紋
29%
カール
29%
氷食谷
29%
断層湖
26%
砂洲
26%
峡谷
23%
三日月湖
23%
砂浜
23%
自然堤防
19%
堰止湖
16%
柱状節理・板状節理
16%
天井川
16%
丘陵
16%
成層火山
13%
ドリーネ
13%
ウバーレ
13%
後背湿地
13%
干潟
13%
氷食尖峰
13%
その他の断層崖
10%
火口
10%
メサ
10%
滝及び滝壺
10%
モレーン
10%
火口湖
6%
流れ山(泥流丘)
6%
ポリエ
6%
ビュート
6%
ケスタ
6%
谷戸(谷津・谷地)
6%
岩石海岸
6%
海食崖
6%
浜堤
6%
サンゴ礁
6%
湖沼
6%
洪積台地
6%
堆積平野
6%
爆裂火口
3%
溶岩台地
3%
火砕流台地
3%
泥火山・噴泉塔
3%
円錐カルスト
3%
残丘
3%
甌穴(ポットホール)群
3%
谷底平野
3%
水無川
3%
旧河道
3%
落堀(押掘)
3%
多島海
3%
海成段丘
3%
海食洞
3%
礁湖
3%
風穴
3%
指標テフラの見える露頭
3%
断層盆地
3%
構造盆地
0%
地震断層
0%
活断層崖
0%
撓曲崖
0%
活褶曲
0%
衝上断層
0%
隆起波食棚
0%
隆起海食洞
0%
隆起サンゴ礁
0%
二重山稜・線状凹地
0%
地割れ
0%
噴砂現象
0%
火山岩尖
0%
溶岩円頂丘
0%
火山砕屑丘
0%
寄生火山(側火山)
0%
溶岩流
0%
火山性高原
0%
火砕流凹地
0%
火山麓扇状地
0%
溶岩末端崖
0%
溶岩トンネル
0%
枕状溶岩
0%
溶岩樹型
0%
火山岩頸
0%
カッレンフェルト
0%
石灰華段丘
0%
石灰華ドーム
0%
塔状カルスト
0%
沈水カルスト
0%
平頂峰(キャップロック)
0%
非対称谷
0%
花崗岩ドーム
0%
岩峰・岩峰群
0%
奇岩怪石・巨石群
0%
天然橋・岩門・石門
0%
バッドランド
0%
地すべり地
0%
地すべりによって生じた凹地,池
0%
千枚田
0%
蜂の巣状構造
0%
懸谷
0%
ナメ・淵
0%
土柱
0%
穿入蛇行
0%
環流丘陵
0%
河川争奪地形
0%
風隙
0%
谷中分水界
0%
湖岸段丘
0%
埋積谷
0%
0%
0%
沖積錐
0%
合流扇状地
0%
網状流
0%
湧泉・湧泉群
0%
自然河川
0%
自由蛇行(自然蛇行)
0%
河畔砂丘
0%
延長川
0%
マッドランプ
0%
波食棚
0%
海食台
0%
鬼の洗濯岩
0%
ノッチ
0%
潮吹き穴
0%
きのこ岩
0%
岩礁
0%
砂紋
0%
砂丘間湖
0%
三稜石
0%
マングローブ湿地
0%
ビーチロック
0%
サーフベンチ
0%
津波石
0%
氷食による岩壁
0%
アレート
0%
羊背岩
0%
周氷河性波状地
0%
デレ
0%
化石周氷河現象
0%
岩塊流
0%
岩石氷河
0%
化石構造土
0%
クリオペディメント
0%
麓屑面
0%
永久凍土
0%
パルサ
0%
構造土
0%
アースハンモック
0%
谷地坊主
0%
雪食凹地
0%
ペイブメント
0%
風食裸地
0%
アバランチシュート
0%
非対称山稜
0%
隆起準平原
0%
準平原遺物
0%
鋸歯状山稜
0%
キレット
0%
大規模崩壊地
0%
崩壊地
0%
崩壊堆積地形
0%
土石流堆積地形
0%
崖錐
0%
ペディメント
0%
鉄穴流し跡
0%
高層湿原・池塘
0%
中間湿原
0%
低層湿原
0%
厚い段丘礫層
0%
地層等の見える大露頭
0%
断層露頭
0%
不整合露頭
0%
大起伏山地
0%
小起伏山地
0%
隆起準平原のある山地・丘陵
0%
断層山地・地塁
0%
曲隆山地
0%
曲降盆地
0%
No matching quizzes found
Score Distribution
Percent of People with Each Score
Percentile by Number Answered
Your Score History
You have not taken this quiz